Vida, pasión y muerte de Federico García Lorca : (Record no. 185213)

MARC details
000 -LEADER
campo de control de longitud fija 01253nam a2200289 i 4500
001 - NÚMERO DE CONTROL
campo de control 185213
003 - IDENTIFICADOR DE NÚMERO DE CONTROL
campo de control SpMaBN
005 - FECHA Y HORA DE LA ÚLTIMA TRANSACCIÓN
campo de control 20250829034410.0
008 - DATOS DE LONGITUD FIJA--INFORMACIÓN GENERAL
campo de control de longitud fija 160418s2003 sp |||| |bspa d
080 ## - NÚMERO DE LA CLASIFICACIÓN DECIMAL UNIVERSAL
Número de la Clasificación Decimal Universal 929 García Lorca, Federico
100 1# - ENTRADA PRINCIPAL--NOMBRE DE PERSONA
Nombre de persona Gibson, Ian,
Fechas asociadas al nombre 1939-
9 (RLIN) 56666
245 10 - MENCIÓN DEL TÍTULO
Título Vida, pasión y muerte de Federico García Lorca :
Resto del título 1898-1936 /
Mención de responsabilidad, etc. Ian Gibson ; prólogo de Antonio Muñoz Molina.
250 ## - MENCION DE EDICION
Mención de edición Ed. especial para este periódico.
260 ## - PUBLICACIÓN, DISTRIBUCIÓN, ETC.
Lugar de publicación, distribución, etc. [Barcelona] :
Nombre del editor, distribuidor, etc. ABC :
-- Folio,
Fecha de publicación, distribución, etc. [2003]
300 ## - DESCRIPCIÓN FÍSICA
Extensión 2 v. (691 p.) ;
Dimensiones 21 cm.
490 1# - MENCIÓN DE SERIE
Mención de serie Biblioteca ABC. Protagonistas del s. XX ;
Designación de volumen o secuencia 8-9. Las biografías que construyeron el siglo
500 ## - NOTA GENERAL
Nota general Índice onomástico.
504 ## - NOTA DE BIBLIOGRAFÍA, ETC.
Nota de bibliografía, etc. Bibliografía: p. [653]-673.
600 14 - PUNTO DE ACCESO ADICIONAL DE MATERIA--NOMBRE DE PERSONA
Nombre de persona García Lorca, Federico,
Fechas asociadas al nombre 1898-1936-
Subdivisión general Biografías
9 (RLIN) 54854
700 1# - ENTRADA AGREGADA--NOMBRE PERSONAL
Nombre de persona Muñoz Molina, Antonio,
Fechas asociadas al nombre 1956-
9 (RLIN) 84461
710 2# - ENTRADA AGREGADA--NOMBRE DE ENTIDAD CORPORATIVA
Nombre de entidad corporativa o nombre de jurisdicción como elemento de entrada Diario ABC.
9 (RLIN) 1137
830 10 - PUNTO DE ACCESO ADICIONAL DE SERIE-TÍTULO UNIFORME
Título uniforme Biblioteca ABC. Protagonistas del s. XX
Designación de volumen o secuencia 8-9. Las biografías que construyeron el siglo
9 (RLIN) 192266
852 ## - LOCALIZACIÓN
Ubicación ES-MaACL
Número de control de estantería A-133696
itemnumber 192233
Sublocalización o colección R.150376
Ubicación en estantería Depósito 1
Signatura antigua Olim: N-6696
Designación de la unidad física Vol. 1
Encuadernación Enc. cart.
852 ## - LOCALIZACIÓN
Ubicación ES-MaACL
Número de control de estantería A-13697
Sublocalización o colección R.150376
Ubicación en estantería Depósito 1
Signatura antigua Olim: N-6697
Designación de la unidad física Vol. 2
Encuadernación Enc. cart.
itemnumber 200888
942 ## - ELEMENTOS DE ENTRADA SECUNDARIOS (KOHA)
Fuente del sistema de clasificación o colocación Clasificación decimal universal
Holdings
Estatus retirado Estado de pérdida Fuente del sistema de clasificación o colocación Estado de daño No para préstamo Biblioteca de origen Biblioteca actual Ubicación en estantería Fecha de adquisición Fuente de adquisición Enumeración/cronología de publicación seriada Total de préstamos Signatura topográfica completa Código de barras Visto por última vez Precio de reemplazo Tipo de ítem Koha
    Clasificación decimal universal     Biblioteca del Ateneo de Madrid Biblioteca del Ateneo de Madrid Depósito 1 21/04/2016 Donación v.1   A-13696 1195144 23/02/2023 23/02/2023 Libro impreso
    Clasificación decimal universal     Biblioteca del Ateneo de Madrid Biblioteca del Ateneo de Madrid Depósito 1 30/11/2023 Donación v.2   A-13697 101206174 30/11/2023 30/11/2023 Libro impreso